000 00763nam a22002417a 4500
001 BR7902034
003 BR-BrBNA
005 20240207141152.0
007 ta
008 230509b bl.||||| |||| 00| 0 por d
040 _aBR-BrBNA
_bpor
_cBiblioteca Nacional de Agricultura
041 _a(Por)
072 _aA50
090 _aA50
_bBR7902034
110 1 _aEmpresa Brasileira de Pesquisa Agropecuaria, Brasilia, DF (Brasil)
245 1 _aSubsidios ao plano indicativo da pesquisa agropecuaria - 1980/85 [pesquisa pecuaria, pesquisa agricola, programa de pesquisa, Brazil]
260 3 _aBrasilia, DF (Brasil):
_c1979.
300 _av. 1-2
650 _aPESQUISA AGRICOLA
650 _aPESQUISA PECUARIA
650 _aPROGRAMA DE PESQUISA
942 _cBK
_2AGRIS
999 _c27272
_d27272